000 01024nam a2200253Ia 4500
003 OSt
005 20220923211044.0
006 a|||||r|||| 00| 0
007 ta
008 220922b |||||||| |||| 00| 0 hin d
020 _a8174531424 (hbk)
_c200
024 _a234,593
037 _b346, 13/03/2008, Swaraj Prakashan
_cTextual
040 _aARTS
_cARTS
_bhin
041 _2hin
_ahin
082 _aO152,2N1511:g(Y15), P4
100 _aपाण्डेय, दर्शन
_9156369
245 0 _aनारी अस्मिता की परख
_b 'माधवी' और 'कोमल गंधार के संदर्भ में
246 _aNārī asmitā kī parakha: 'mādhavī' aur 'komal gandhār ke sandarbha mean
260 _aदिल्ली
_b संजय प्रकाशन
_c2004
300 _a87पृ.
_ccm.
942 _hO152,2N1511:g(Y15), P4
_cTEXL
_2CC
999 _c294593
_d294593